000 01118nam a22003257a 4500
001 BR0102142
003 BR-BrBNA
005 20230928100849.0
007 ta
008 230509b bl.||||| |||| 00| 0 por d
040 _aBR-BrBNA
_bpor
_cBiblioteca Nacional de Agricultura
041 _a(Por)
072 _aL51
_b5240
090 _ 5240 BR0102142
100 1 _aPaula, O.J. de
110 1 _aUniversidade Federal de Minas Gerais, Belo Horizonte (Brasil). Escola de Veterinaria
_0Tese (Mestre em Zootecnia)
245 1 _aEfeito do niquel sobre o consumo e a digestibilidade aparente do feno de Brachiaria brizantha cv. marandu e o fluxo duodenal de nitrogenio microbiano em ovinos, submetidos a dietas com dois niveis proteicos
260 3 _aBelo Horizonte, MG (Brasil):
_c2000.
300 _a47 p.
500 _aSummaries (Eng, Por); Biblioghraphy p. 42-47; 10 tables
650 _aOvino
650 _aRacao
650 _aNutricao Animal
650 _aDigestibilidade
650 _aDuodeno
650 _aCapim Brachiaria
650 _aDieta
909 _a202309
_bLucia
_c55
_dLucia Elande
942 _cBK
999 _c63151
_d63151